Central Library OPAC University of Rajshahi

Voluntary Service Overseas : (Record no. 5849)

MARC details
000 -LEADER
fixed length control field 00875nam a22002891 4500
001 - CONTROL NUMBER
control field 5849
003 - CONTROL NUMBER IDENTIFIER
rucl marc code BD-RjUL
005 - DATE AND TIME OF LATEST TRANSACTION
control field 20211208234136.0
008 - FIXED-LENGTH DATA ELEMENTS--GENERAL INFORMATION
fixed length control field 140107t1968 enkacf 001 0 eng
020 ## - INTERNATIONAL STANDARD BOOK NUMBER
International Standard Book Number 0571083234
035 ## - SYSTEM CONTROL NUMBER
System control number MITb10137234
System control number (OCoLC)00040179
System control number (BD-RjUL)5888
040 ## - CATALOGING SOURCE
Original cataloging agency DLC
Transcribing agency DLC
Modifying agency m.c.
-- MYG
-- BD-RjUL
Language of cataloging eng
041 ## - LANGUAGE CODE
Language code of text/sound track or separate title eng
082 04 - DEWEY DECIMAL CLASSIFICATION NUMBER
Edition number 16
Classification number 361.4
Author mark and year ADV 1968
090 ## - LOCALLY ASSIGNED LC-TYPE CALL NUMBER (OCLC); LOCAL CALL NUMBER (OCLC)
Classification number (OCLC) (R) ; Classification number, CALL (RLIN) (NR) HC60
Local cutter number (OCLC) ; Book number/undivided call number, CALL (RLIN) .A215
099 ## - LOCAL FREE-TEXT CALL NUMBER (OCLC)
Bangla Class number HC60.A215
100 1# - MAIN ENTRY--PERSONAL NAME
Personal name Adams, Michael,
Dates associated with a name 1920-
9 (RLIN) 18366
245 10 - TITLE STATEMENT
Title Voluntary Service Overseas :
Remainder of title the story of the first ten years /
Statement of responsibility, etc. with a foreword by H.R.H. Prince Philip, Duke of Edinburgh.
260 ## - PUBLICATION, DISTRIBUTION, ETC. (IMPRINT)
Place of publication, distribution, etc. London :
Name of publisher, distributor, etc. Faber,
Date of publication, distribution, etc. 1968.
300 ## - PHYSICAL DESCRIPTION
Pagination 3-234 p. :
Illustrations 8 plates, illus., ports. ;
Size 21 cm.
504 ## - BIBLIOGRAPHY, ETC. NOTE
Bibliography, etc Includes index.
610 20 - SUBJECT ADDED ENTRY--CORPORATE NAME
Corporate name or jurisdiction name as entry element Voluntary Service Overseas.
942 ## - ADDED ENTRY ELEMENTS (KOHA)
Source of classification or shelving scheme Dewey Decimal Classification
Koha item type Books
Holdings
Lost status Source of classification or shelving scheme Damaged status Not for loan Collection code Permanent Location Current Location Shelving location Date acquired Source of acquisition Cost, normal purchase price Total Checkouts Full call number Date last seen Copy number Koha item type
  Dewey Decimal Classification     Non-fiction Central Library, University of Rajshahi Central Library, University of Rajshahi   30/03/1974 Oxford university press 15.60   361.4 ADV 1968 07/01/2014 C-3 Books